[Event "Brandenburg Seniors op 08th"]
[Site "Uckley"]
[Date "1999.09.21"]
[Round "2"]
[White "Mietzelfeldt, Gerhard"]
[Black "Assmann, Hans"]
[Result "1/2-1/2"]
[WhiteElo "1755"]
[BlackElo "1631"]
[PlyCount "56"]
[EventDate "1999.09.??"]
[EventType "swiss"]
[EventRounds "7"]
[EventCountry "GER"]
[SourceTitle "EXT 2006"]
[Source "ChessBase"]
[SourceDate "2005.11.24"]
[SourceVersion "1"]
[SourceVersionDate "2005.11.24"]
[SourceQuality "1"]

1. e4 c5 2. f4 e5 3. Nf3 exf4 4. d4 cxd4 5. Bxf4 Nc6 6. Bc4 Bb4+ 7. Nbd2 Nge7 8. 0-0 d5 9. exd5 Nxd5 10. Bxd5 Qxd5 11. a3 Be7 12. Nb3 Bg4 13. Qd3 Bf5 14. Qd2 Rd8 15. Rad1 0-0 16. Nc1 Bg4 17. Nd3 f6 18. Rde1 Bxf3 19. Rxf3 Ne5 20. Bxe5 fxe5 21. Rxe5 Qd6 22. Rxf8+ Rxf8 23. Qe2 Bf6 24. Re6 Qd5 25. Re8 Qf7 26. Rxf8+ Kxf8 27. Qf3 Qc7 28. Ne1 h6 1/2-1/2

[Event "Brandenburg Seniors op 08th"]
[Site "Uckley"]
[Date "1999.09.20"]
[Round "1"]
[White "Trommsdorf, Fro"]
[Black "Mietzelfeldt, Gerhard"]
[Result "1-0"]
[WhiteElo "2146"]
[BlackElo "1755"]
[PlyCount "71"]
[EventDate "1999.09.??"]
[EventType "swiss"]
[EventRounds "7"]
[EventCountry "GER"]
[SourceTitle "EXT 2006"]
[Source "ChessBase"]
[SourceDate "2005.11.24"]
[SourceVersion "1"]
[SourceVersionDate "2005.11.24"]
[SourceQuality "1"]

1. d4 d5 2. Bg5 g6 3. Nf3 Bg7 4. Nbd2 Nf6 5. e3 0-0 6. Be2 Nbd7 7. 0-0 Re8 8. c4 c6 9. Qb3 Qb6 10. Rfe1 e5 11. cxd5 Nxd5 12. Nc4 Qxb3 13. axb3 h6 14. Bh4 exd4 15. Nd6 Re6 16. Nxc8 Rxc8 17. Nxd4 Bxd4 18. exd4 Rce8 19. Kf1 Nf4 20. Bf3 a6 21. Rxe6 Rxe6 22. Bg3 Nd5 23. Ra5 N7b6 24. Be5 f6 25. Bb8 Kf7 26. g3 Nb4 27. Bf4 N6d5 28. Bxh6 g5 29. h4 Kg6 30. hxg5 fxg5 31. Bf8 Kf7 32. Bxb4 Nxb4 33. Rxg5 Nc2 34. d5 Rf6 35. dxc6 bxc6 36. Be2 1-0